[Event "Baku op"]
[Site "Baku"]
[Date "2014.09.28"]
[Round "7"]
[White "Romanishin, Oleg M"]
[Black "Volokitin, Andrei"]
[Result "0-1"]
[WhiteElo "2502"]
[BlackElo "2642"]
[Annotator "Volokitin,A"]
[PlyCount "76"]
[EventDate "2014.09.22"]
[EventType "swiss"]
[EventRounds "9"]
[EventCountry "AZE"]
[SourceTitle "CBM 163"]
[Source "ChessBase"]
[SourceDate "2014.11.11"]
[SourceVersion "1"]
[SourceVersionDate "2014.11.11"]
[SourceQuality "1"]

1. d4 f5 2. g3 Nf6 3. Bg2 g6 4. h4 {Der Zug ist verbunden mit der Idee h4-h5,
sonst ist es besser sofort Nh3 zu spielen.} Bg7 5. Nh3 ({In der Variante} 5. h5
Nxh5 6. e4 fxe4 7. Rxh5 gxh5 8. Qxh5+ Kf8 9. Bh6 d5 10. Bxg7+ Kxg7 11. Qg5+ Kf7
12. Qh5+ Kg7 {hat Weiß nur Dauerschach. Also der Zug 4.h4 mit der Idee h4-h5
verspricht für Weiß nur ein Remis.}) 5... d6 {Die nächsten Züge für Schwarz
sind sehr einfach - ...c6, 0-0, ...e5} 6. Nc3 ({Der andere Plan für Weiß ist} 
6. c3 {Nach} c6 (6... Nc6 $1 {mit der Idee e5} 7. Na3 (7. d5 Ne5 8. Nd2 c6 9.
dxc6 bxc6 $1 10. f4 Neg4 11. Bxc6+ Bd7 12. Bxa8 Qxa8 $36) (7. O-O e5 $1) 7...
e5 $1 8. Bxc6+ bxc6 9. dxe5 dxe5 10. Qxd8+ Kxd8 11. Nc4 Re8 $132 {Das Endspiel
ist okay für Schwarz.}) 7. Qb3 $1 Qb6 8. Nd2 Na6 9. Nc4 Qxb3 10. axb3 $14 {
steht Weiß etwas besser}) 6... c6 7. d5 ({Nach} 7. e4 {hat Schwarz den sehr
starken Zug} Qb6 $1 {und Weiß muss auf f5 nehmen:} 8. exf5 Bxf5 {mit gutem
Spiel.}) ({Oder} 7. Nf4 e5 $1 8. dxe5 dxe5 9. Qxd8+ Kxd8 $11) 7... e5 8. dxe6
Bxe6 {Wenn Schwarz ...d5 schafft, dann wird er strategisch gut stehen.} 9. Ng5
(9. e4 $6 {geht hier nicht:} fxe4 10. Nxe4 Nxe4 11. Bxe4 Bxh3 $3 12. Rxh3 O-O
$36 {Wegen der unsicheren Lage des weißen Königs und der schlechten Position
des weißen Turms, hat Schwarz die Initiative.}) 9... Qe7 $2 {Ich habe diesen
Zug ohne Nachdenken gemacht. Erst nach der Partie habe ich meinen Fehler
begriffen. Schwarz musste den Läufer zurückziehen.} (9... Bc8 $1 10. e4 ({
Nicht gefährlich ist} 10. Be3 d5 11. Qd2 Qe7 12. Bd4 Nbd7 {mit der Idee ...Ne5,
mit gutem Spiel.}) 10... h6 $5 11. exf5 Bxf5 12. Nf3 O-O 13. O-O d5 14. Nd4 Bg4
15. Qd3 Nbd7 {Die Stellung ist ausgeglichen.}) 10. O-O $2 {Weiss hat nicht die
gute taktische Moeglichkeit benutzt.} (10. Nb5 $3 {Sehr stark.
Nichtstandardisierte taktische Kombination.} Bd5 (10... cxb5 {Oeffnet den
Laeufer g2} 11. Nxe6 Qxe6 12. Bxb7 O-O 13. Bxa8 d5 {Und hier kann Schwarz
nicht den Laeufer einfangen.} 14. Qd3 $1 Na6 15. Bb7 Nb4 16. Qd2 Qe4 17. f3 Qe7
18. a3 Nxc2+ 19. Qxc2 Qxb7 20. Bf4 $16) (10... Kd7 11. Nxd6 $1 Qxd6 12. Bf4
Qxd1+ 13. Rxd1+ $16) 11. Bf4 $1 {Der beste Zug} ({Nach} 11. Bxd5 Nxd5 12. c4
$14 {Weiss hat staendigen positionellen Vorteil.}) 11... Bxg2 12. Nxd6+ Kf8 13.
Nxf5 $1 gxf5 14. Bd6 Bxh1 15. Ne6+ Kf7 16. Bxe7 Kxe6 17. Qd6+ Kf7 18. Bxf6 Bxf6
19. Qc7+ Be7 20. Qxb7 $16 {Weiss gewinnt den Springer und hat klaren Vorteil.})
10... d5 {Nach d5 war ich zufrieden mit meiner Stellung. Schwarz hat Kein
Problem.} 11. b3 {Originell gespielt. Die Idee ist La3 zu spielen.} ({Nach} 11.
Be3 Nbd7 12. Bd4 O-O {Schwarz hat eine gute Stellung.}) 11... Bd7 $1 {Ich habe
hier zwischen zwei Laeufer Zuege gewaehlt.Intuitiv habe ich den richtigen Wahl
gemacht.} ({Der Zug-} 11... Bg8 {hat Vorteile und Nachteile, der Springer kann
auf d7 ziehen, aber es gibt keine kurze Rochade.} 12. Re1 $5 {mit der Idee e4}
Ng4 (12... Ne4 13. Ngxe4 fxe4 14. Bg5 $132) 13. Bb2 Qc5 14. e4 {Diese Idee ist
moeglich, weil Schwarz keine kurze Rochade hat. Zum Beispiel eine schoene
Variante mit Remis am Ende.} Qxf2+ 15. Kh1 Bxc3 16. Bxc3 Qxg3 17. exd5+ Kf8 18.
Bb4+ Kg7 19. Qd4+ Kh6 20. Nf3 Bxd5 21. Qxh8 Nf2+ 22. Kg1 Nh3+ 23. Kh1 $11) 12.
Be3 ({Hier dieser Zug geht nicht} 12. Re1 $2 Ng4 $1 13. Bb2 Qc5 $1 14. e4 Qxf2+
15. Kh1 Qxg3 16. exd5+ Kd8 $19) 12... Na6 13. Bd4 h6 $1 14. Nf3 ({Nach} 14. Nh3
g5 $1 {Dieses Bauernopfer ist sehr perspektivisch.} 15. hxg5 hxg5 16. Nxg5 Ne4
$1 17. Ngxe4 fxe4 {Hier muss Weiss schon den Springer opfern, sonst hat
Schwarz sehr starken Angriff.} 18. Nxd5 $1 cxd5 19. Bxg7 Qxg7 20. Qxd5 Bc6 21.
Qe6+ Qe7 $15) 14... g5 $2 {Ein Fehler, Ich habe nur Sh3-g5 gerechnet und
automatisch nach Sf3- g5 gespielt. Ganz vergessen ueber Se4 !} (14... Ne4 $1
$15 {Das Problem besteht darin, dass nach-} 15. Nxe4 dxe4 16. Bxg7 Qxg7 {
Der Zug-} 17. Qd4 {geht nicht} Qxd4 18. Nxd4 c5 $1 {Der Springer ist
eingefangen.}) 15. Ne5 $1 {Dieser Zug stoert der Koordination der schwarzen
Figuren.} Rg8 {Ich habe auch zwischen Tg8 und Th7 gewaehlt. Nach Th7 ist nicht
obligatorisch auf g5 zu nehmen. Weiss kann zum Beispiel b4 spielen.} (15... Rh7
16. b4 Ne4 17. Nxe4 Bxe5 18. Bxe5 Qxe5 19. Nd2 O-O-O 20. Nf3 Qf6 21. c3 $132)
16. hxg5 {Ein wichtiger Moment. Die Stellung hat die taktische Nuancen. Das
Oeffnen h Linie war zu frueh.} (16. Nxd7 $1 Qxd7 (16... Nxd7 17. Nxd5 $1 cxd5
18. Bxd5 Bxd4 (18... O-O-O $6 19. Bxg8 Rxg8 20. Qd3 $14) 19. Qxd4 Rg6 20. Bxb7
Rb8 21. Bf3 Rd6 22. Qh8+ {Weiss hat drei Bauern fuer die Figur und gute
Chancen fuer Remis.}) 17. hxg5 hxg5 18. Qd2 Ne4 19. Nxe4 dxe4 20. Rad1 O-O-O
21. Be3 Qxd2 22. Rxd2 Rxd2 23. Bxd2 g4 {Weiss muss ohne Probleme Remis machen.}
) 16... hxg5 17. b4 {Die Stellung ist sehr dynamisch. In dynamischen
Stellungen jeder Zug ist sehr wert. Weiss opfert den Bauer, das ist sehr
typisch in dynamischen Stellungen.} ({Nach} 17. Nxd7 Nxd7 18. Nxd5 {Mit
geoeffnete h Linie ist dieses Opfer nicht so stark-} cxd5 19. Bxd5 Rh8 $1 20.
Bxb7 Rd8 21. Bxg7 Qxg7 22. Qd5 Nac5 23. Kg2 Qe5 $15) 17... Ne4 $1 {Schwarz
muss ins Zentrum spielen. Keine Zeit fuer das Nehmen des Bauern.} 18. Nxe4 Bxe5
19. Bxe5 Qxe5 20. Nd2 $1 (20. b5 $2 {ist schwach hier.} dxe4 21. bxa6 b6 $17 {
Schwarz dominiert ins Zentrum und hat die gute Angriffschancen.}) 20... f4 {
Eine Ungenauigkeit, Schwarz musste die Entwicklung beenden-} (20... O-O-O $1
21. Nf3 (21. c4 Nc7 $1 {Schwarz haelt das Zentrum und erhaltet den Vorteil.}
22. Rc1 (22. b5 f4 $1 23. Nf3 Qg7 24. bxc6 Bxc6 25. Qd4 dxc4 26. Qxc4 Bd5 $15)
(22. cxd5 Nxd5 23. Nc4 Qf6 $1 $15) (22. Nf3 Qf6 $15) 22... Kb8 $15) 21... Qc7
$1 {Dieses Feld ist beste fuer die Dame.} 22. b5 cxb5 23. Qxd5 Nc5 24. Nd4 Kb8
$15) 21. b5 {Weiss konnte sofort ins Zentrum spielen, aber der Zug in der
Partie ist auch gut.} (21. c4 $1 fxg3 22. cxd5 cxd5 23. Nf3 gxf2+ 24. Rxf2 Qd6
25. Qd4 $1 Nxb4 26. Ne5 {Mit guter Kompensation.}) 21... cxb5 22. Nf3 Qd6 23.
Qd4 O-O-O 24. Ne5 {Alle weissen Figuren sind ins Spiel. Weiss hat die gute
Kompensation.} Be8 {Die letzten Zuegen waren sehr logisch von beiden Seiten.} (
24... Be6 25. Rfb1 $1 $44) 25. Rfd1 Nc7 ({Nach} 25... fxg3 $6 26. Qg4+ $1 Bd7
27. Qxg3 $44) 26. c4 $1 {Oleg Romanishin spielte diesen Teil der Partie
ausgezeichnet.} bxc4 ({Ich konnte auch versuchen-} 26... fxg3 27. fxg3 Ne6 {
Der interessante Versuch-} (27... bxc4 28. Nxc4 Qa6 (28... Qxg3 $4 29. Qxa7 $16
) 29. Rac1 Ba4 30. Rd2 {Wie in der Partie.}) 28. Qxd5 Qb6+ 29. c5 Rxd5 30. cxb6
Rxe5 31. bxa7 Nc7 32. Rac1 Bc6 33. Rd6 $1 {Fuer die Figur hat Weiss sehr
starken Bauer auf a7 und genug Kompensation fuer Remis. Zum Beispiel.} Re7 {
Mit der Idee Sa8.} (33... Na8 $2 34. Rdxc6+ bxc6 35. Bxc6 $16) 34. a4 $1 bxa4 (
34... b4 35. Rd4 Na8 36. a5 Kc7 37. a6 Kb6 38. Rxb4+ Kxa7 39. Ra1 Nb6 40. axb7+
Kxb7 41. Rab1 Bxg2 42. Rxb6+ Kc7 43. Kxg2 Rxe2+ $11) 35. Bxc6 bxc6 36. Rb1 Na8
37. Rxc6+ Kd7 38. Ra6 $11) 27. Nxc4 Qa6 28. Rac1 $1 {Alles war forciert. Hier
war schon die Zeitnot von beiden Seiten. Und Ich dachte, dass nach-} Ba4 {
Diagram [#] Schwarz gewinnt, aber-} 29. Rd2 $3 {Schoenes taktisches Motiv.}
fxg3 {Die Taktik setzt fort.} 30. fxg3 dxc4 31. Bh3+ g4 32. Bxg4+ Bd7 33. Bxd7+
Kb8 34. g4 $2 $138 {Ein Zeitnot Fehler. Weiss musste einfach den c Bauer
nehmen-} (34. Qxc4 $1 Rxg3+ 35. Kf2 Qxc4 36. Rxc4 Rg7 37. Rcd4 Rf8+ 38. Ke3
Rg3+ 39. Ke4 $11 {Das Endspiel muss sich in Remis enden.}) 34... Qh6 $2 $138 {
Der Beste Zug war-} (34... b5 $1 35. Qe5 (35. Rxc4 $140 Rxd7 $1 36. Qxd7 bxc4
37. Rb2+ Ka8 38. Qxc7 Rxg4+ 39. Kf2 Qf6+ 40. Ke3 Qh6+ 41. Kf3 Qh3+ 42. Kf2 Rg2+
43. Ke1 Rg1+ 44. Kd2 c3+ $1 45. Qxc3 Rd1+ 46. Kxd1 Qxc3 $19) 35... Qb6+ 36. e3
Rxg4+ 37. Bxg4 Rxd2 $19 {Und Schwarz muss gewinnen.}) 35. Rxc4 Rh8 36. Qd6 $4 {
Der letzte Fehler in der Partie. Weiss hatte den einzigen Zug, der haelt Remis.
} (36. Qf4 $1 Qh1+ 37. Kf2 Rh2+ 38. Ke3 Qg1+ 39. Ke4 $8 Qh1+ 40. Ke3 {Und
Schwarz hat nur Dauerschach.}) 36... Qe3+ 37. Kg2 Qh3+ ({oder} 37... Rxd7 38.
Qxd7 Qh3+ 39. Kf2 Rf8+ 40. Qf5 Rxf5+ 41. gxf5 Qxf5+ $19) 38. Kf2 Rxd7 0-1